Statistics for Open Source acronyms

Click here to take the quiz!

General Stats

  • This quiz has been taken 3 times
  • The average score is 5 of 8

Answer Stats

AcronymAnswer% Correct
GPLGeneral Public License
100%
WINEWine Is Not (an) Emulator
100%
LXDELightweight X11 Desktop Environment
100%
GNUGNU's Not Unix
50%
GIMPGNU Image Manipulation Program
50%
BSDBerkeley Software Distribution
50%
Bonus: STKSuperTux Kart
50%
XfceXForms Common Environment
0%

Score Distribution

Percentile by Number Answered

Percent of People with Each Score

Your Score History

You have not taken this quiz